00630nam a2200145Ia 4500008004100000041001200041082001500053245005800068260000900126650000900135942000700144999001500151952015900166952015900325221030s9999 xx 000 0 und d aEnglish a105.23bBE 0aEnvironmental Engineering : A Design ApproachbFLOPPY c2004 aBook cCD c2846d2846 pFloppy 7492l0o105.23 BEr2022-10-30 00:00:00w2022-10-30yCD003Soft Copy4070aMIETLIBbMIETLIBcBL-First, FL-1, CUP-21, SH-0, R-0d2007-04-2610HBE pFloppy 7491l0o105.23 BEr2022-10-30 00:00:00w2022-10-30yCD003Soft Copy4070aMIETLIBbMIETLIBcBL-First, FL-1, CUP-21, SH-0, R-0d2007-04-2610HBE